Wesley János Lelkészképző Főiskola Évkönyve I. (2006/1.)
Elmentve itt :
| További közreműködők: | |
|---|---|
| Adatforrás: | Philobibl |
| Dokumentumtípus: | Könyv |
| Nyelv: | magyar |
| Megjelent: |
Budapest
2006
|
| LEADER | 00429nam a2200121 c 4500 | ||
|---|---|---|---|
| 001 | bibPHI0036705 | ||
| 005 | 20200924123709.7 | ||
| 008 | 100215s2006 hu hun | ||
| 245 | 0 | 0 | |a Wesley János Lelkészképző Főiskola Évkönyve I. (2006/1.) |c szerk. Majsai Tamás |
| 260 | |a Budapest |c 2006 | ||
| 505 | 0 | |g p. 87-99., |t Szinaj és Jabne (Hit és tudás a zsidó hagyományban) |r Gábor György | |
| 700 | 1 | |a Majsai Tamás | |
| 700 | 1 | |a Gábor György | |